INTRODUCTION TO MOLECULAR BIOLOGY (Record no. 1566)

MARC details
000 -LEADER
fixed length control field 00384nam a22001577a 4500
003 - CONTROL NUMBER IDENTIFIER
control field OSt
005 - DATE AND TIME OF LATEST TRANSACTION
control field 20210902095246.0
008 - FIXED-LENGTH DATA ELEMENTS--GENERAL INFORMATION
fixed length control field 210902b |||||||| |||| 00| 0 eng d
020 ## - INTERNATIONAL STANDARD BOOK NUMBER
International Standard Book Number 81-261-1337-5
040 ## - CATALOGING SOURCE
Transcribing agency HU
082 ## - DEWEY DECIMAL CLASSIFICATION NUMBER
Classification number 572.8/RAJ
245 ## - TITLE STATEMENT
Title INTRODUCTION TO MOLECULAR BIOLOGY
260 ## - PUBLICATION, DISTRIBUTION, ETC.
Place of publication, distribution, etc. NEW DELHI
Name of publisher, distributor, etc. ANMOL PUBLICATIONS PVT. LTD.
300 ## - PHYSICAL DESCRIPTION
Extent 395p
942 ## - ADDED ENTRY ELEMENTS (KOHA)
Source of classification or shelving scheme Dewey Decimal Classification
Koha item type Books like text book referance book
Suppress in OPAC No
Holdings
Withdrawn status Lost status Source of classification or shelving scheme Damaged status Not for loan Home library Current library Shelving location Date acquired Total Checkouts Full call number Barcode Date last seen Copy number Price effective from Koha item type
    Dewey Decimal Classification     Natural & Computational Science Library Natural & Computational Science Library General Stacks 09/02/2021   572.8/RAJ NSCLIB00006467 09/02/2021 1 09/02/2021 Books like text book referance book
    Dewey Decimal Classification     Natural & Computational Science Library Natural & Computational Science Library General Stacks 09/02/2021   572.8/RAJ NSCLIB00006468 09/02/2021 2 09/02/2021 Books like text book referance book
    Dewey Decimal Classification     Natural & Computational Science Library Natural & Computational Science Library General Stacks 09/02/2021   572.8/RAJ NSCLIB00006469 09/02/2021 3 09/02/2021 Books like text book referance book
    Dewey Decimal Classification     Natural & Computational Science Library Natural & Computational Science Library General Stacks 09/02/2021   572.8/RAJ NSCLIB00006474 09/02/2021 9 09/02/2021 Books like text book referance book
    Dewey Decimal Classification     Natural & Computational Science Library Natural & Computational Science Library General Stacks 09/02/2021   572.8/RAJ NSCLIB00006475 09/02/2021 10 09/02/2021 Books like text book referance book
    Dewey Decimal Classification     Natural & Computational Science Library Natural & Computational Science Library General Stacks 09/02/2021   572.8/RAJ NSCLIB00006473 09/02/2021 8 09/02/2021 Books like text book referance book
    Dewey Decimal Classification     Natural & Computational Science Library Natural & Computational Science Library General Stacks 10/25/2021   572.8/RAJ NSCLIB00006472 10/25/2021 7 10/25/2021 Books like text book referance book